| 000 | 01455nam0a22003491 4500 | ||
|---|---|---|---|
| 001 | RU\NLR\INFOCOMM_41\5000238124 | ||
| 005 | 20250613085649.0 | ||
| 035 | _a(NLR Aleph) 009038892 | ||
| 090 |
_a9534633 _c9534633 |
||
| 100 | _a20080626d1982 |||y0rusy50 ca | ||
| 101 | 0 |
_aeng _drus |
|
| 102 | _aRU | ||
| 105 | _aa z|||000zy | ||
| 200 | 1 |
_aHadron production by the longitudinal photon (∣q∣²≤1(GeV/c)²) _fN. N. Achasov, V. A. Karnakov |
|
| 210 |
_aNovosibirsk _cИн-т математики СО АН СССР _d1982 |
||
| 215 |
_a15 с. _cграф. _d20 см |
||
| 225 | 1 |
_aPreprint _fThe USSR Acad. of sciences, Siberian div., Inst. of mathematics _vТР-22(131) |
|
| 300 | _aВ вып. дан.: Рождение адронов продольно-поляризованным виртуальным фотоном (∣q∣²≤1(Гэв/c)²) / Н. Н. Ачасов, В. А. Карнаков | ||
| 300 | _aНа обл. надзаг. на рус. яз. | ||
| 300 | _aРез. на рус. яз. | ||
| 320 | _aБиблиогр.: с. 10 | ||
| 606 |
_aАдроны _xФоторождение _2nlr_sh1 |
||
| 686 |
_aВ382.34 _2rubbk |
||
| 700 | 1 |
_9z01790 _aAčasov _bN. N. _gNikolaj Nikolaevič _4070 |
|
| 701 | 1 |
_aKarnakov _bV. A. _gVladimir Agafangelovič _4070 |
|
| 790 | 1 |
_9z01700 _aAchasov _bN. N. _4070 |
|
| 801 | 1 |
_aRU _bNLR _c20080626 |
|
| 801 | 0 |
_aRU _bNLR _gPSBO |
|
| 852 |
_aNLR _jФз01 Д-4/2242 |
||
| 942 | _cBOOK | ||
| 980 | _aNB | ||